| 000 | 00465nam a2200169Ia 4500 | ||
|---|---|---|---|
| 999 |
_c28814 _d28814 |
||
| 003 | OSt | ||
| 005 | 20201218105356.0 | ||
| 008 | 190216s9999||||xx |||||||||||||| ||und|| | ||
| 040 | _coclc | ||
| 082 |
_a894.8121 _bSIV/O |
||
| 100 |
_aSivakami _97658 |
||
| 245 | 0 |
_aOttakappakshi / _cSivakami |
|
| 260 |
_bPremeir Offset Calicut, _aCalicut: _c2003. |
||
| 300 | _a70p | ||
| 650 | _aKavitha | ||
| 942 |
_cBK _2ddc _h894.8121 _iSIV/O _k894.8121 _mSIV/O |
||